[Event "DEN-ch Kort2 Gr-1"]
[Site "Svendborg"]
[Date "2022.04.16"]
[Round "5"]
[White "Burgaard, Kristian Gade"]
[Black "Boldt, Allan"]
[Result "1-0"]
[WhiteElo "1996"]
[BlackElo "2150"]
[PlyCount "74"]
[EventDate "2022.04.14"]
[EventType "swiss"]
[EventRounds "5"]
[EventCountry "DEN"]
[SourceTitle "EXT 2024"]
[Source "ChessBase"]
[SourceDate "2023.10.10"]
[SourceVersion "1"]
[SourceVersionDate "2023.10.10"]
[SourceQuality "1"]

1. d4 Nf6 2. c4 c5 3. d5 d6 4. Nc3 g6 5. Nf3 Bg7 6. Bf4 Nh5 7. Bd2 e5 8. e4 h6 9. Bd3 Nf4 10. Bxf4 exf4 11. 0-0 Nd7 12. Re1 Ne5 13. Nxe5 Bxe5 14. Be2 h5 15. a3 Bd7 16. Qd3 Qh4 17. b4 b6 18. bxc5 bxc5 19. Rab1 Qf6 20. Na2 Bg4 21. Nc1 0-0 22. Qd1 Bc3 23. Rf1 Rfe8 24. Rb3 Rxe4 25. Bxg4 hxg4 26. Qd3 Qd4 27. Rxc3 Rae8 28. Qxd4 cxd4 29. Rd3 Rc8 30. f3 gxf3 31. gxf3 Re3 32. Rxd4 Rb8 33. c5 dxc5 34. Rc4 Rb2 35. Rd1 Re5 36. Rxf4 Rh5 37. h4 Rb4 1-0

[Event "DEN-ch Kort2 Gr-1"]
[Site "Svendborg"]
[Date "2022.04.16"]
[Round "4"]
[White "Burgaard, Kristian Gade"]
[Black "Hove, Svend Kjems"]
[Result "1-0"]
[WhiteElo "1996"]
[BlackElo "1968"]
[PlyCount "93"]
[EventDate "2022.04.14"]
[EventType "swiss"]
[EventRounds "5"]
[EventCountry "DEN"]
[SourceTitle "EXT 2024"]
[Source "ChessBase"]
[SourceDate "2023.10.10"]
[SourceVersion "1"]
[SourceVersionDate "2023.10.10"]
[SourceQuality "1"]

1. d4 c5 2. d5 e5 3. e4 a6 4. a4 d6 5. Bd3 g6 6. h4 Bg7 7. h5 Nd7 8. Nf3 Ndf6 9. hxg6 fxg6 10. Na3 Bg4 11. Nc4 Qc7 12. Bd2 Nh5 13. g3 Ngf6 14. Ne3 Bd7 15. Ng5 0-0 16. Ne6 Bxe6 17. dxe6 Qc6 18. Qf3 b5 19. b3 Ne8 20. Qg2 Nc7 21. Nd5 Kh8 22. e7 Rfe8 23. Bg5 Ne6 24. Be3 Nd4 25. Bxd4 exd4 26. c3 c4 27. bxc4 bxc4 28. Bc2 Rab8 29. g4 Rb2 30. gxh5 Rxc2 31. Nb4 Qb7 32. Nxc2 d3 33. Nd4 d2+ 34. Kxd2 Qb2+ 35. Nc2 Qxc3+ 36. Kd1 Qd3+ 37. Kc1 Bh6+ 38. Ne3 Qc3+ 39. Kd1 Qxa1+ 40. Ke2 Qa2+ 41. Kf3 Rxe7 42. hxg6 Bxe3 43. fxe3 Qxa4 44. Qb2+ Re5 45. Qb7 Rf5+ 46. exf5 Qc6+ 47. Qxc6 1-0

[Event "Nordic-ch U16"]
[Site "Torshavn"]
[Date "2021.09.11"]
[Round "4"]
[White "Burgaard, Kristian Gade"]
[Black "Grahn, Vidar"]
[Result "1-0"]
[WhiteElo "1835"]
[BlackElo "1800"]
[PlyCount "143"]
[EventDate "2021.09.10"]
[EventType "swiss"]
[EventRounds "6"]
[EventCountry "FAI"]
[SourceTitle "EXT 2023"]
[Source "ChessBase"]
[SourceDate "2022.10.05"]
[SourceVersion "1"]
[SourceVersionDate "2022.10.05"]
[SourceQuality "1"]

1. d4 Nf6 2. c4 g6 3. Nc3 Bg7 4. e4 d6 5. h3 0-0 6. Be3 e5 7. d5 a5 8. g4 Na6 9. Nge2 Nc5 10. Ng3 Nfd7 11. h4 h6 12. h5 g5 13. Nf5 Nf6 14. Nxg7 Kxg7 15. f3 Nfd7 16. Qd2 f6 17. Kf2 b6 18. Be2 Ba6 19. Qc2 Bc8 20. b3 Bb7 21. a3 Qe7 22. b4 axb4 23. axb4 Rxa1 24. Rxa1 Na6 25. Qb2 Ra8 26. Kg3 Kh7 27. Bd1 Qd8 28. Ba4 Nab8 29. c5 Nf8 30. Bc2 Rxa1 31. Qxa1 dxc5 32. bxc5 bxc5 33. Bd3 Nbd7 34. Qa7 Qa8 35. Qxa8 Bxa8 36. Na4 Kg7 37. Bb5 Kf7 38. Nxc5 Nxc5 39. Bxc5 Bb7 40. Bb4 Bc8 41. Ba5 Bd7 42. Bc4 Ke7 43. Bxc7 Ba4 44. Kf2 Nd7 45. Ke3 Nc5 46. Kd2 Kd7 47. Bb6 Nb7 48. Be2 Nd6 49. Kc3 Bb5 50. Bxb5+ Nxb5+ 51. Kb4 Nd6 52. Bc5 Nc8 53. Kb5 Kc7 54. Bf8 Kd7 55. Bxh6 Nd6+ 56. Kc5 Nb7+ 57. Kb6 Nd6 58. Bg7 Ke7 59. Kc6 Ne8 60. h6 Kf7 61. d6 Nxd6 62. Kxd6 f5 63. Kxe5 fxe4 64. fxe4 Kg6 65. Kd6 Kh7 66. e5 Kg6 67. e6 Kh7 68. e7 Kg6 69. e8Q+ Kh7 70. Qh5 Kg8 71. h7+ Kxg7 72. h8Q# 1-0

[Event "EU-ch Online U14"]
[Site "Tornelo INT"]
[Date "2020.09.20"]
[Round "9"]
[White "Burgaard, Kristian Gade"]
[Black "Singh, Yuvraj"]
[Result "1-0"]
[WhiteElo "1696"]
[BlackElo "1304"]
[PlyCount "67"]
[EventDate "2020.09.18"]
[EventType "swiss (rapid)"]
[EventRounds "9"]
[EventCountry "NET"]
[SourceTitle "EXT 2023"]
[Source "ChessBase"]
[SourceDate "2022.10.05"]
[SourceVersion "1"]
[SourceVersionDate "2022.10.05"]
[SourceQuality "1"]
[WhiteTeam "Denmark"]
[BlackTeam "Kanalinseln"]
[WhiteTeamCountry "DEN"]
[BlackTeamCountry "JCI"]

1. d4 Nf6 2. c4 e6 3. Nc3 Bb4 4. Qc2 d5 5. a3 Bxc3+ 6. Qxc3 Nc6 7. Bg5 h6 8. Bh4 Bd7 9. e3 0-0 10. cxd5 exd5 11. Qb3 Na5 12. Qa2 a6 13. Bxf6 Qxf6 14. Qxd5 Bb5 15. Bxb5 axb5 16. Qxb5 Rfe8 17. Nf3 Nc6 18. 0-0 Re6 19. Rfd1 Re4 20. d5 Ne5 21. Nxe5 Rxe5 22. Qxb7 Ra4 23. Qxc7 Rh5 24. Qc8+ Kh7 25. Qc2+ g6 26. Qxa4 Qh4 27. Qxh4 Rxh4 28. d6 Re4 29. d7 Kg7 30. d8Q Rc4 31. Rac1 Rxc1 32. Rxc1 Kh7 33. Rc8 g5 34. Qg8# 1-0

[Event "EU-ch Online U14"]
[Site "Tornelo INT"]
[Date "2020.09.18"]
[Round "1"]
[White "Ohanyan, Emin"]
[Black "Burgaard, Kristian Gade"]
[Result "1-0"]
[WhiteElo "2171"]
[BlackElo "1696"]
[PlyCount "49"]
[EventDate "2020.09.18"]
[EventType "swiss (rapid)"]
[EventRounds "9"]
[EventCountry "NET"]
[SourceTitle "EXT 2023"]
[Source "ChessBase"]
[SourceDate "2022.10.05"]
[SourceVersion "1"]
[SourceVersionDate "2022.10.05"]
[SourceQuality "1"]
[WhiteTeam "Armenia"]
[BlackTeam "Denmark"]
[WhiteTeamCountry "ARM"]
[BlackTeamCountry "DEN"]

1. e4 c5 2. Nf3 e6 3. d4 cxd4 4. Nxd4 Nc6 5. Nc3 Qc7 6. Be3 a6 7. Qd2 Nf6 8. f3 Be7 9. 0-0-0 b5 10. g4 Nxd4 11. Bxd4 Bb7 12. h4 b4 13. Na4 Rc8 14. Nb6 Rd8 15. Nc4 Qc6 16. Na5 Qc7 17. Nxb7 Qxb7 18. h5 0-0 19. g5 Ne8 20. g6 fxg6 21. hxg6 Bf6 22. Rxh7 Qc7 23. f4 Rc8 24. Rh8+ Kxh8 25. Qh2+ 1-0